000 00340nam a2200133 i 4500
001 bg
245 0 _aExtended abstracts :
_bFall Meeting, Honolulu, Hawaii, October 18-23, 1987.
260 _aHonolulu,
_c1987.
040 _cBPK
041 _apol
080 _a541.1:537](061.3)
942 _cKS
008 s pl f |000 0 pol
999 _c28662
_d28662
856 _uhttp://koha.tu.koszalin.pl/cgi-bin/koha/opac-detail.pl?biblionumber=28662
_yKatalog online BPK